Statystyki dla Rozpoznaj kraj po marce samochodu

Kliknij tutaj aby rozwiązać quiz!

Ogólne statystyki

  • Ten quiz został rozwiązany 48 razy
  • Średni wynik to 12 z 15

Statystyki odpowiedzi

WskazówkaOdpowiedź% Poprawnych
NissanJaponia
95%
AudiNiemcy
95%
PolonezPolska
95%
FerrariWłochy
93%
SkodaCzechy
88%
DodgeStany Zjednoczone
88%
ŁadaRosja
86%
HyundaiKorea Południowa
81%
VolvoSzwecja
81%
SeatHiszpania
79%
BugattiFrancja
72%
McLarenWielka Brytania
72%
TATAIndie
65%
DaciaRumunia
63%
MaxusChiny
44%

Rozkład punktacji

Percentyl według liczby udzielonych odpowiedzi

Procent ludzi z każdym wynikiem

Twoja historia wyników

Nie rozwiązałeś tego quizu